000
00258nam a2200109Ia 4500
005
20251222114349.0
008
251222s1900||||xx |||||||||||||| ||spa||
082
_a
DVD0070/W61
245
0
_a
El joven corcel negro
264
_b
Walt Disney Pictures
942
_c
DVD
999
_c
1164
_d
1164